000 00866nam a2200277 4500
001 20326
003 BD-RjUL
005 20211209000541.0
008 140227s1969 enk 000 0 eng
020 _a0423798502
035 _a(BD-RjUL)20388
040 _aDLC
_cDLC
_dBD-RjUL
_beng
041 0 _aeng
082 0 0 _a842.912
_bGIA 1969
100 1 _aGiraudoux, Jean
_d1882-1944.
_962089
245 1 0 _aAmphitryon 38 :
_bcomédie en trois actes /
_cJean Giraudoux, edited by R. K. Totton.
260 _aLondon :
_bMethuen Educational,
_cc1969.
300 _axxvi, 110 p. ;
_c21 cm.
490 0 _aMethuen's twentieth century texts
500 _aFrench text, English introd. and notes.
650 0 _aAmphitryon (Greek mythology)
_xDrama.
_962652
700 1 _aTotton, R. K.
_eed.
_962653
942 _2ddc
_cBK
999 _c20326
_d20326